Analýza Troj a multipilierovej dôchodkovej sústavy bakalárska práca

Gespeichert in:
Bibliographische Detailangaben
1. Verfasser: Horváthová, Diana
Körperschaft: Fakulta hospodárskej informatiky EU. Katedra matematiky
Weitere Verfasser: Škrovánková, Lea, 1954-
Format: Buch
Sprache:Slowakisch
Veröffentlicht: Bratislava 2010
Tags: Tag hinzufügen
Keine Tags, Fügen Sie das erste Tag hinzu!

MARC

LEADER 00000nam$a2200000$$$4500
001 0129314
005 20240320073627.9
041 0 |a slo 
044 |a SK 
245 1 0 |a Analýza Troj a multipilierovej dôchodkovej sústavy  |b bakalárska práca  |c Diana Horváthová ; školiteľ: Lea Škrovánková 
264 1 |a Bratislava  |c 2010 
300 |a 34 s. 
100 1 |a Horváthová, Diana 
700 1 |a Škrovánková, Lea, 1954- 
710 2 |a Fakulta hospodárskej informatiky EU. Katedra matematiky